Ultrasonics : Data, Equations, and Their Practical Uses

Uložené v:
Podrobná bibliografia
Hlavní autori: Ensminger, Dale (Autor), Stulen, Foster B. (Autor)
Médium: Kniha
Jazyk:English
Vydavateľské údaje: Boca Raton : CRC Press, 2009
Predmet:
Tagy: Pridať tag
Žiadne tagy, Buďte prvý, kto otaguje tento záznam!

MARC

LEADER 00000nam a22000003a 4500
001 stu196957
005 20150617230019.7
008 091209s2009----xxu-----------------eng-d
020 |a 978-0-8247-5830-1 
040 |a STU  |b slo 
041 0 |a eng 
044 |a xxu 
080 |a 62 
100 1 |a Ensminger, Dale  |4 aut 
245 1 |a Ultrasonics :  |b Data, Equations, and Their Practical Uses 
260 |a Boca Raton :  |b CRC Press,  |c 2009 
300 |a 496 s 
650 7 |a ultrazvuk  |2 stusub 
650 7 |a ultrazvukové vlnenie  |2 stusub 
700 1 |a Stulen, Foster B.  |4 aut 
996 |b 284M071915  |c M*12659-1  |l MMKN  |s A  |a 24  |w stu196957_0001